000 01201cad a22002175a 4500
001 L154245
008 111107s2011 xxk f 000 0 eng d
035 _a(Sirsi) u154245
041 0 _aeng
110 2 _aEnglish Heritage
_92714
245 0 0 _aStopping the rot
_ba guide to enforcement action to save historic buildings
_h[electronic resource]
260 _a[England]
_bEnglish Heritage
_c2011
520 _aGuidance to help local authority officers navigate their way through the different statutory powers at their disposal and to learn how to apply them to best practical effect. As well as providing step-by-step advice on the use of each of the main powers, the guidance includes a series of case studies of their use in different situations.
590 _aKA NTK
651 4 _aEngland
_y886-
690 _aENVIRONMENTAL AND LAND CONSULTANCY-PLANNING AND DEVELOPMENT
690 _aBUILT ENVIRONMENT-BUILDING TYPES-ANCIENT MONUMENTS AND HISTORIC BUILDINGS
710 1 _aInstitute of Historic Building Conservation
_93725
856 4 0 _uhttps://www.helm.org.uk/upload/pdf/acc-stopping-the-rot-guidance.pdf?1319185292
_zView the item free of charge at www.english-heritage.org.uk
942 _n0
999 _c112900
_d112900